| 000 -LEADER |
| fixed length control field |
00880cam a2200289Ia 4500 |
| 020 ## - INTERNATIONAL STANDARD BOOK NUMBER |
| ISBN |
0026481448 (student ed.) |
| 020 ## - INTERNATIONAL STANDARD BOOK NUMBER |
| ISBN |
9780026481441 (student ed.) |
| 020 ## - INTERNATIONAL STANDARD BOOK NUMBER |
| ISBN |
0026481456 (teacher's wraparound ed.) |
| 020 ## - INTERNATIONAL STANDARD BOOK NUMBER |
| ISBN |
9780026481458 (teacher's wraparound ed.) |
| 020 ## - INTERNATIONAL STANDARD BOOK NUMBER |
| ISBN |
0026481472 (student workbook) |
| 020 ## - INTERNATIONAL STANDARD BOOK NUMBER |
| ISBN |
9780026481472 (student workbook) |
| 040 ## - CATALOGING SOURCE |
| Transcribing agency |
UUW |
| 082 #4 - DEWEY DECIMAL CLASSIFICATION NUMBER |
| Classification number |
646 GLE 2000 A106 Or. |
| 100 1# - MAIN ENTRY--AUTHOR NAME |
| Personal name |
Glosson, Linda Ruth Cox |
| 245 10 - TITLE STATEMENT |
| Title |
Creative living / |
| 250 ## - EDITION STATEMENT |
| Edition statement |
7th ed., 1 teacher's wraparound ed |
| 260 ## - PUBLICATION, DISTRIBUTION, ETC. (IMPRINT) |
| Place of publication |
New York : |
| Name of publisher |
Glencoe/McGraw-Hill, |
| Year of publication |
c2000 |
| 300 ## - PHYSICAL DESCRIPTION |
| Number of Pages |
TM32, 768 p. : |
| Other physical details |
col. ill. ; |
| Dimensions |
27 cm |
| 500 ## - GENERAL NOTE |
| General note |
Includes index |
| 650 #0 - SUBJECT ADDED ENTRY--TOPICAL TERM |
| Topical Term |
Home economics |
| 650 #0 - SUBJECT ADDED ENTRY--TOPICAL TERM |
| Topical Term |
Family life education |
| 650 #0 - SUBJECT ADDED ENTRY--TOPICAL TERM |
| Topical Term |
Life skills |
| 700 1# - ADDED ENTRY--PERSONAL NAME |
| Personal name |
Meek, Janis P |
| 700 1# - ADDED ENTRY--PERSONAL NAME |
| Personal name |
Smock, Linda G |
| 710 2# - ADDED ENTRY--CORPORATE NAME |
| Corporate name or jurisdiction name as entry element |
Glencoe/McGraw-Hill |
| 942 ## - ADDED ENTRY ELEMENTS (KOHA) |
| Koha item type |
សៀវភៅភាសាអង់គ្លេស |
| 952 ## - LOCATION AND ITEM INFORMATION (KOHA) |
| Withdrawn status [LOCAL, KOHA] |
0 |